Využitie IKT vo výchovno-vzdelávacom procese na obchodných akadémiách podľa požiadaviek firiem

Informatika a IKT patria medzi oblasti, ktoré sa vyvíjajú veľmi rýchlym tempom. Požiadavka prenosu aktuálnych zmien v oblasti využitia IKT do obsahu vzdelávania nosného predmetu aplikovaná informatika a ďalších odborných ekonomických predmetov, viedla autora k spracovaniu vysoko aktuálnej problemati...

Full description

Saved in:
Bibliographic Details
Main Author: Šóš, Ivan, 1977-
Format: Book Chapter
Language:Slovak
Subjects:
Tags: Add Tag
No Tags, Be the first to tag this record!

MARC

LEADER 00000nla$a2200000$$$4500
001 0073456
005 20240502071855.0
041 0 |a slo 
044 |a SK 
245 1 0 |a Využitie IKT vo výchovno-vzdelávacom procese na obchodných akadémiách podľa požiadaviek firiem  |c Ivan Šóš 
520 |a Informatika a IKT patria medzi oblasti, ktoré sa vyvíjajú veľmi rýchlym tempom. Požiadavka prenosu aktuálnych zmien v oblasti využitia IKT do obsahu vzdelávania nosného predmetu aplikovaná informatika a ďalších odborných ekonomických predmetov, viedla autora k spracovaniu vysoko aktuálnej problematiky nadväzujúcej na spoločenskú požiadavku prechodu od industriálnej spoločnosti k informačnej, učiacej sa spoločnosti. V nej sú rozhodujúcim zdrojom informácie, nie kapitál. Autor v príspevku vyhodnocuje dotazník, ktorý bol realizovaný na vzorke 173 respondentov - fieriem, s otázkami orientovanými na spokojnosť s absolventami obchodných akadémií na Slovensku. 
610 2 0 |a spoločnosť informačná 
610 2 0 |a informatika aplikovaná 
610 2 0 |a technológie informačné 
610 2 0 |a technológie komunikačné 
610 2 0 |a Slovensko 
610 2 0 |a absolventi 
100 1 |a Šóš, Ivan, 1977-